000 00513nam a22001937a 4500
003 KOHA_MİRAKIL
005 20251116153014.0
008 251116b tu ||||| |||| 00| 0 tur d
020 _a9786052021095
040 _aTR-AnABB
_btur
_cTR-AnABB
041 _atur
082 _a297.4
_bDEM 2019
100 1 _aDemirci, Senai,
245 1 0 _aCennette bir gün /
260 _aİstanbul :
_bŞule Yayınları,
_c2019
300 _a152 sayfa ;
_c17 cm
650 0 4 _aTürk edebiyatı, roman
942 _2ddc
_cBK
999 _c9440
_d9440
900 _bGizem YORULMAZ